[Event "Madrid ch - Previa A"]
[Site "Madrid ESP"]
[Date "2007.11.03"]
[Round "2.4"]
[White "Torralba Arias de Reyna, Alvaro"]
[Black "Merino Araguas, Jose Javier"]
[Result "1/2-1/2"]
[WhiteElo "1984"]
[BlackElo "1909"]
[PlyCount "75"]
[EventDate "2007.11.01"]
[EventType "swiss"]
[EventRounds "9"]
[EventCountry "ESP"]
[Source "lmi"]
[SourceDate "2007.11.01"]

1. e4 e6 2. d4 d5 3. Nd2 a6 4. exd5 exd5 5. Ngf3 Nf6 6. Bd3 Bd6 7. O-O O-O 8.
Re1 Bg4 9. Nf1 Nbd7 10. Bg5 Re8 11. Ne3 Bh5 12. g4 Bg6 13. Bxg6 fxg6 14. Nxd5
h6 15. Rxe8+ Qxe8 16. Bxf6 gxf6 17. Qd3 Qf7 18. Ne3 Kg7 19. Qb3 b5 20. Qxf7+
Kxf7 21. Nd2 Nb6 22. c4 Bb4 23. Nf3 bxc4 24. Rc1 Re8 25. Nxc4 Nd5 26. a3 Nf4
27. Rc2 Bf8 28. Ne3 Bd6 29. Kf1 Rb8 30. Nc4 Ke6 31. Nxd6 Kxd6 32. Nd2 Re8 33.
Nc4+ Kd7 34. Ne3 Rb8 35. f3 Rb3 36. Kf2 Nd3+ 37. Ke2 Nf4+ 38. Kf2 1/2-1/2

[Event "Madrid ch - Previa A"]
[Site "Madrid ESP"]
[Date "2007.11.03"]
[Round "2.5"]
[White "Cañas Muñoz, Oscar"]
[Black "Martin Mazuelo, Miguel Angel"]
[Result "0-1"]
[WhiteElo "1862"]
[BlackElo "1983"]
[PlyCount "120"]
[EventDate "2007.11.01"]
[EventType "swiss"]
[EventRounds "9"]
[EventCountry "ESP"]
[Source "lmi"]
[SourceDate "2007.11.01"]

1. e4 c5 2. Nf3 d6 3. d4 cxd4 4. Nxd4 Nf6 5. Nc3 a6 6. Nf3 Nc6 7. e5 Nxe5 8.
Nxe5 dxe5 9. Qxd8+ Kxd8 10. Bc4 e6 11. Bg5 Bb4 12. O-O-O+ Kc7 13. Bxf6 gxf6 14.
Ne4 Be7 15. Rhe1 b5 16. Bb3 Bb7 17. f3 Rhg8 18. Re2 f5 19. Nc3 b4 20. Na4 Rad8
21. c3 Bg5+ 22. Kc2 e4 23. f4 Bxf4 24. g3 Bd6 25. cxb4 Bxb4 26. a3 Be7 27. Kb1
Bd5 28. Rc1+ Kb8 29. Bxd5 exd5 30. Rc6 Rg6 31. Rec2 Rxc6 32. Rxc6 Rd6 33. Rc5
Bd8 34. Kc2 Kb7 35. Kd2 Bg5+ 36. Ke2 f4 37. gxf4 Bxf4 38. Nc3 Bxh2 39. Nxd5 Bg1
40. Rc1 Bd4 41. Ne3 Rh6 42. Nf1 Rc6 43. Re1 f5 44. Ng3 Rc2+ 45. Kd1 Rxb2 46.
Nxf5 Rb1+ 47. Ke2 Rxe1+ 48. Kxe1 Bc5 49. Ke2 Kc6 50. a4 Kd5 51. Ng3 e3 52. Kd3
Kc6 53. Kc4 h5 54. Kd3 h4 55. Nf1 Kb6 56. Nh2 Ka5 57. Nf3 h3 58. Kc4 Bd6 59.
Kb3 h2 60. Nd2 exd2 0-1

[Event "Madrid ch - Previa A"]
[Site "Madrid ESP"]
[Date "2007.11.03"]
[Round "2.7"]
[White "Rodriguez Ballespin, Daniel"]
[Black "Marcos Herrero, Francisco"]
[Result "1/2-1/2"]
[WhiteElo "1849"]
[BlackElo "1940"]
[PlyCount "114"]
[EventDate "2007.11.01"]
[EventType "swiss"]
[EventRounds "9"]
[EventCountry "ESP"]
[Source "lmi"]
[SourceDate "2007.11.01"]

1. e4 d6 2. Nf3 Nf6 3. d3 g6 4. g3 Bg7 5. Bg2 O-O 6. O-O c5 7. Nbd2 Nc6 8. c3
b5 9. d4 e5 10. dxe5 dxe5 11. Qc2 Qe7 12. Re1 Bb7 13. Nf1 Rad8 14. Bg5 h6 15.
Bxf6 Qxf6 16. Ne3 Ne7 17. Rad1 Qb6 18. Ng4 Qc7 19. a4 a6 20. axb5 axb5 21. Ne3
c4 22. b3 cxb3 23. Qxb3 Bxe4 24. Qxb5 Qxc3 25. Rc1 Qd3 26. Qc5 Bxf3 27. Bxf3
Qd6 28. Qxd6 Rxd6 29. Rc7 Nf5 30. Nc4 Rd3 31. Be4 Rc3 32. Bxf5 gxf5 33. Re3 Rc2
34. Rc6 e4 35. Ne5 Rxc6 36. Nxc6 Bf6 37. Rb3 Rc8 38. Rb6 Kg7 39. Kg2 Rc7 40.
Ra6 Rb7 41. Ra5 Rb6 42. Ne5 Bxe5 43. Rxe5 Kf6 44. Ra5 Rb2 45. Ra6+ Kg5 46. h4+
Kg4 47. Ra4 Kh5 48. Ra5 Kg6 49. Ra6+ f6 50. Ra3 Kh5 51. Ra5 e3 52. Rxf5+ Kg6
53. Rf3 Rxf2+ 54. Rxf2 exf2 55. Kxf2 Kf5 56. Kf3 h5 57. g4+ hxg4+ 1/2-1/2

[Event "Madrid ch - Previa A"]
[Site "Madrid ESP"]
[Date "2007.11.03"]
[Round "2.8"]
[White "Roman Rodriguez, Pablo"]
[Black "Garcia Reino, Eduardo"]
[Result "0-1"]
[WhiteElo "1916"]
[BlackElo "1860"]
[PlyCount "96"]
[EventDate "2007.11.01"]
[EventType "swiss"]
[EventRounds "9"]
[EventCountry "ESP"]
[Source "lmi"]
[SourceDate "2007.11.01"]

1. e4 e5 2. Nf3 Nf6 3. Nxe5 d6 4. Nf3 Nxe4 5. d4 d5 6. Bd3 Bd6 7. O-O O-O 8.
Re1 Re8 9. c4 c6 10. cxd5 cxd5 11. Nc3 Nxc3 12. bxc3 Bg4 13. Rxe8+ Qxe8 14. Be3
Qc8 15. Bd2 h6 16. h3 Be6 17. Qc2 Nd7 18. Re1 Nb6 19. Nh4 Bxh3 20. Bf5 Bxf5 21.
Nxf5 Nc4 22. Bc1 Qd7 23. Nxd6 Nxd6 24. Bf4 Nc4 25. Qe2 Kf8 26. Qf3 Re8 27. Be3
Qc6 28. Rc1 Nxe3 29. fxe3 Qe6 30. Re1 Qe4 31. Kf2 Qxf3+ 32. Kxf3 f5 33. g4
fxg4+ 34. Kxg4 Re4+ 35. Kh5 b5 36. Kg6 Re6+ 37. Kh5 Rc6 38. e4 dxe4 39. Rxe4
Rxc3 40. Kg6 Rc6+ 41. Kf5 Kf7 42. d5 Rd6 43. Ke5 Rd8 44. Kd4 Re8 45. Rf4+ Ke7
46. Kc5 Rc8+ 47. Kxb5 Kd6 48. Rf7 Rc7 0-1

[Event "Madrid ch - Previa A"]
[Site "Madrid ESP"]
[Date "2007.11.03"]
[Round "2.9"]
[White "Sanz Esteban, Eduardo"]
[Black "Espinosa Delgado, Miguel"]
[Result "1/2-1/2"]
[WhiteElo "1939"]
[BlackElo "1836"]
[PlyCount "206"]
[EventDate "2007.11.01"]
[EventType "swiss"]
[EventRounds "9"]
[EventCountry "ESP"]
[Source "lmi"]
[SourceDate "2007.11.01"]

1. e4 e5 2. Nf3 Nc6 3. Bc4 Bc5 4. b4 Bxb4 5. c3 Ba5 6. d4 exd4 7. O-O d3 8. Ba3
Qf6 9. e5 Qg6 10. Bxd3 Qh5 11. Qa4 Bb6 12. Nd4 Nge7 13. Nd2 O-O 14. Nxc6 Nxc6
15. Bxf8 Kxf8 16. Nf3 Bc5 17. Rfe1 a6 18. Qf4 Be7 19. Nd4 Bg5 20. Qf3 Qxf3 21.
Nxf3 h6 22. Nxg5 hxg5 23. Rad1 b6 24. Be4 Ke7 25. Bf5 Nd8 26. Rd3 Ne6 27. Be4
Rb8 28. Bd5 Bb7 29. Bxb7 Rxb7 30. g3 Rb8 31. Kg2 Rh8 32. Red1 Nc5 33. Rd4 Rh6
34. h4 gxh4 35. Rxh4 Rxh4 36. gxh4 f6 37. exf6+ Kxf6 38. Kf3 d6 39. Rd4 Ne6 40.
Rc4 Kf5 41. Rg4 Kf6 42. Ke4 c6 43. c4 Nc5+ 44. Kd4 Ne6+ 45. Kc3 g6 46. a4 Nc5
47. Kb4 Nd3+ 48. Ka3 Ne5 49. Rd4 Ke6 50. Kb3 Nd7 51. Re4+ Kf7 52. Re1 Nc5+ 53.
Ka3 Nd7 54. Rh1 Ne5 55. Kb3 Kg7 56. Rd1 Nf7 57. a5 bxa5 58. Ka4 Kh6 59. Kxa5
Ne5 60. c5 dxc5 61. Kxa6 Nf3 62. Kb6 c4 63. Kxc6 Nxh4 64. Kc5 c3 65. Rc1 Kg5
66. Rxc3 Nf5 67. Rc4 Kf6 68. Kd5 Kg5 69. Ra4 Kh5 70. Ke5 Nh4 71. Kf6 g5 72. f4
gxf4 73. Rxf4 Ng6 74. Rf5+ Kh6 75. Rg5 Nh4 76. Rg1 Kh5 77. Rg5+ Kh6 78. Rg3 Kh5
79. Ke5 Ng6+ 80. Kf5 Nh4+ 81. Kf6 Kh6 82. Ra3 Kh5 83. Ra5+ Kg4 84. Rg5+ Kf4 85.
Ra5 Nf3 86. Ra4+ Ke3 87. Kf5 Nd4+ 88. Ke5 Nf3+ 89. Kd5 Ne1 90. Re4+ Kd2 91. Kd4
Nc2+ 92. Ke5 Kd3 93. Rh4 Kc3 94. Kd5 Ne3+ 95. Kc5 Kd3 96. Ra4 Ke2 97. Kd4 Nc2+
98. Ke4 Kd2 99. Rc4 Ne3 100. Rd4+ Ke2 101. Rd3 Nc2 102. Rh3 Kd2 103. Rh2+ Kc3
1/2-1/2

[Event "Madrid ch - Previa A"]
[Site "Madrid ESP"]
[Date "2007.11.03"]
[Round "2.10"]
[White "Garcia Salamero, Gabriel"]
[Black "Benito Aragoneses, Miguel Angel"]
[Result "1-0"]
[WhiteElo "1895"]
[BlackElo "1722"]
[PlyCount "45"]
[EventDate "2007.11.01"]
[EventType "swiss"]
[EventRounds "9"]
[EventCountry "ESP"]
[Source "lmi"]
[SourceDate "2007.11.01"]

1. e4 c5 2. d3 e6 3. g3 Be7 4. Bg2 Nc6 5. Nf3 d6 6. c3 Nf6 7. O-O O-O 8. Re1
Qc7 9. d4 b6 10. d5 exd5 11. exd5 Ne5 12. Nxe5 dxe5 13. d6 Bxd6 14. Bxa8 e4 15.
Bxe4 Nxe4 16. Rxe4 Bb7 17. Re3 Rd8 18. Qe2 Qc6 19. f3 h5 20. Nd2 f5 21. Qc4+
Kh8 22. Qh4 g6 23. Qxd8+ 1-0

[Event "Madrid ch - Previa A"]
[Site "Madrid ESP"]
[Date "2007.11.03"]
[Round "2.11"]
[White "Rollano Carcajona, Ruben"]
[Black "Ruiz Quevedo, Andres"]
[Result "0-1"]
[WhiteElo "1716"]
[BlackElo "1893"]
[PlyCount "52"]
[EventDate "2007.11.01"]
[EventType "swiss"]
[EventRounds "9"]
[EventCountry "ESP"]
[Source "lmi"]
[SourceDate "2007.11.01"]

1. d4 Nf6 2. Nf3 c5 3. Nc3 cxd4 4. Nxd4 d6 5. Bg5 e6 6. e4 a6 7. f4 Bd7 8. Bd3
Nc6 9. Nf3 Qc7 10. O-O Be7 11. a3 O-O 12. Ne2 h6 13. Bxf6 Bxf6 14. Rb1 b5 15.
Kh1 Nb8 16. Nfd4 Qb6 17. c3 Bc8 18. Qb3 Nd7 19. Nxe6 fxe6 20. Qxe6+ Kh8 21. e5
Nxe5 22. Qd5 Bb7 23. Qe6 Nxd3 24. Nd4 Bxd4 25. cxd4 Qc6 26. Qg6 Nxf4 0-1

[Event "Madrid ch - Previa A"]
[Site "Madrid ESP"]
[Date "2007.11.03"]
[Round "2.13"]
[White "Navas Jiménez, Julián"]
[Black "Collado Barbas, Alberto"]
[Result "1/2-1/2"]
[WhiteElo "1901"]
[BlackElo "1886"]
[PlyCount "70"]
[EventDate "2007.11.01"]
[EventType "swiss"]
[EventRounds "9"]
[EventCountry "ESP"]
[Source "lmi"]
[SourceDate "2007.11.01"]

1. Nf3 d5 2. d4 e6 3. c4 c6 4. Qc2 Bd6 5. Bg5 Ne7 6. e3 Qa5+ 7. Nbd2 Ng6 8. Bd3
Nd7 9. O-O h6 10. Bh4 Nxh4 11. Nxh4 dxc4 12. Nxc4 Bxh2+ 13. Kxh2 Qh5 14. g3 Nf6
15. Ne5 Ng4+ 16. Nxg4 Qxg4 17. Be2 Qg5 18. Qc5 Qd8 19. Qe5 Rg8 20. Rad1 g5 21.
Nf5 b6 22. Bh5 Kf8 23. Qd6+ Qxd6 24. Nxd6 Ba6 25. Rfe1 Ke7 26. Ne4 f5 27. Nc3
g4 28. Rh1 c5 29. Kg1 Bb7 30. Rh4 Bf3 31. Re1 Rad8 32. Ne2 Bxe2 33. Rxe2 cxd4
34. exd4 Rxd4 35. Bxg4 Rdxg4 1/2-1/2

[Event "Madrid ch - Previa A"]
[Site "Madrid ESP"]
[Date "2007.11.03"]
[Round "2.14"]
[White "Algaba Traspuesto, Jose Antonio"]
[Black "Mosteiro Montoro, Alvaro"]
[Result "1-0"]
[WhiteElo "1828"]
[BlackElo "1870"]
[PlyCount "47"]
[EventDate "2007.11.01"]
[EventType "swiss"]
[EventRounds "9"]
[EventCountry "ESP"]
[Source "lmi"]
[SourceDate "2007.11.01"]

1. f4 Nf6 2. Nf3 d6 3. b3 Nc6 4. Bb2 b6 5. e3 Bb7 6. Bb5 e6 7. O-O Be7 8. d3 a6
9. Bxc6+ Bxc6 10. e4 O-O 11. Nbd2 Nd7 12. g4 f6 13. Nd4 Bb7 14. Nxe6 Qc8 15.
Nxf8 Nxf8 16. f5 c5 17. c4 Nd7 18. Nf3 b5 19. Qd2 g6 20. fxg6 hxg6 21. Qh6 Nf8
22. h3 Kf7 23. Ng5+ Ke8 24. Bxf6 1-0

[Event "Madrid ch - Previa A"]
[Site "Madrid ESP"]
[Date "2007.11.03"]
[Round "2.15"]
[White "Martín Calero, Jorge"]
[Black "Osorio Ramos, Francisco"]
[Result "0-1"]
[WhiteElo "1708"]
[BlackElo "1925"]
[PlyCount "114"]
[EventDate "2007.11.01"]
[EventType "swiss"]
[EventRounds "9"]
[EventCountry "ESP"]
[Source "lmi"]
[SourceDate "2007.11.01"]

1. d4 d5 2. Nf3 e6 3. e3 Nf6 4. c3 Bd6 5. Bd3 O-O 6. O-O Nbd7 7. Nbd2 e5 8.
dxe5 Nxe5 9. Nxe5 Bxe5 10. e4 Bxh2+ 11. Kxh2 Ng4+ 12. Kg3 Qd6+ 13. Kf3 f5 14.
Ke2 fxe4 15. Bc2 Nxf2 16. Rxf2 Bg4+ 17. Nf3 exf3+ 18. gxf3 Bxf3+ 19. Rxf3 Qh2+
20. Kd3 c5 21. Rxf8+ Rxf8 22. Be3 c4+ 23. Kd4 Qh4+ 24. Kc5 Qe7+ 25. Kb5 Qd7+
26. Kb4 a5+ 27. Ka3 Qe7+ 28. b4 axb4+ 29. cxb4 Qxe3+ 30. Kb2 Qe5+ 31. Kb1 d4
32. a3 d3 33. Ba4 b5 34. Qc1 Qd4 35. Bd1 d2 36. Qb2 c3 37. Bb3+ Kh8 38. Qc2
Rf1+ 39. Ka2 Re1 40. Rd1 Rxd1 41. Qxd1 Qe5 42. Qf3 h5 43. Bc2 Kg8 44. Kb3 h4
45. Qxc3 Qd5+ 46. Kb2 d1=Q 47. Bxd1 Qxd1 48. Qc8+ Kh7 49. Qf5+ g6 50. Qxb5 Qd4+
51. Kc2 Qf2+ 52. Kc3 Qg3+ 53. Kd4 Qf2+ 54. Ke4 Kh6 55. Qd3 Qf5+ 56. Ke3 Qxd3+
57. Kxd3 h3 0-1

[Event "Madrid ch - Previa A"]
[Site "Madrid ESP"]
[Date "2007.11.03"]
[Round "2.16"]
[White "Pintado Luna, Julian"]
[Black "Fariñas Lucas, Juan Antonio"]
[Result "1-0"]
[WhiteElo "1979"]
[BlackElo "1827"]
[PlyCount "55"]
[EventDate "2007.11.01"]
[EventType "swiss"]
[EventRounds "9"]
[EventCountry "ESP"]
[Source "lmi"]
[SourceDate "2007.11.01"]

1. e4 c5 2. Nf3 Nc6 3. Bb5 d6 4. Nc3 Bd7 5. d4 cxd4 6. Nxd4 a6 7. Nxc6 Bxc6 8.
Bc4 Nf6 9. Bd5 e6 10. Bxc6+ bxc6 11. O-O Be7 12. Qf3 O-O 13. Be3 e5 14. Ne2 Qc7
15. Ng3 d5 16. exd5 cxd5 17. Nf5 Bc5 18. Bg5 Ne4 19. Be3 Bxe3 20. fxe3 Qxc2 21.
Rac1 Qxb2 22. Qg4 g6 23. Ne7+ Kg7 24. Nxd5 Nd2 25. Qh4 f5 26. Rc7+ Rf7 27.
Rxf7+ Kxf7 28. Qf6+ 1-0

[Event "Madrid ch - Previa A"]
[Site "Madrid ESP"]
[Date "2007.11.03"]
[Round "2.17"]
[White "Fernandez Martinez, Jose"]
[Black "Arias de Reyna Martinez, Francisco"]
[Result "1-0"]
[WhiteElo "1822"]
[BlackElo "1665"]
[PlyCount "43"]
[EventDate "2007.11.01"]
[EventType "swiss"]
[EventRounds "9"]
[EventCountry "ESP"]
[Source "lmi"]
[SourceDate "2007.11.01"]

1. e4 c5 2. Nf3 d6 3. d4 cxd4 4. Nxd4 Nf6 5. Nc3 a6 6. Be3 e6 7. Be2 Be7 8. O-O
b5 9. f3 Bd7 10. a3 Nc6 11. Nxc6 Bxc6 12. Qd2 O-O 13. Rad1 Qc7 14. Bd3 Rfd8 15.
Qf2 Nd7 16. f4 Rf8 17. Qg3 Nc5 18. f5 Bf6 19. fxe6 fxe6 20. Rxf6 Nxd3 21. Rxf8+
Rxf8 22. cxd3 1-0

[Event "Madrid ch - Previa A"]
[Site "Madrid ESP"]
[Date "2007.11.03"]
[Round "2.18"]
[White "Ortiz Berruguete, Adrian"]
[Black "Gonzalez Ayuso, Gonzalo"]
[Result "1-0"]
[WhiteElo "1737"]
[BlackElo "1821"]
[PlyCount "101"]
[EventDate "2007.11.01"]
[EventType "swiss"]
[EventRounds "9"]
[EventCountry "ESP"]
[Source "lmi"]
[SourceDate "2007.11.01"]

1. e4 e6 2. d4 d5 3. e5 c5 4. c3 Nc6 5. Nf3 Qb6 6. Be2 cxd4 7. cxd4 Bb4+ 8. Bd2
Bd7 9. Bxb4 Qxb4+ 10. Qd2 Qxd2+ 11. Nbxd2 Nge7 12. O-O Nf5 13. Nb3 Rc8 14. Bd3
Nfe7 15. a3 O-O 16. Rac1 b6 17. Rc3 f6 18. exf6 Rxf6 19. Re1 Ng6 20. Bb5 Nge7
21. Nc1 Be8 22. Ng5 Bf7 23. Bxc6 Rxc6 24. Rxc6 Nxc6 25. Nb3 h6 26. Nf3 Rf4 27.
Rc1 Be8 28. Re1 Kf7 29. h3 Ke7 30. Kh2 Bg6 31. Kg3 Rf6 32. Ne5 Nxe5 33. dxe5
Rf8 34. Rc1 Rd8 35. Nd4 Kd7 36. f4 Bf5 37. Kf2 h5 38. Rc6 Rc8 39. Rxc8 Kxc8 40.
Nxf5 exf5 41. Ke3 Kd7 42. Kd4 Ke6 43. b4 b5 44. g3 g6 45. h4 a6 46. Kc5 Ke7 47.
Kxd5 Kd7 48. Kc5 Kc7 49. e6 Kd8 50. Kd6 Ke8 51. e7 1-0

[Event "Madrid ch - Previa A"]
[Site "Madrid ESP"]
[Date "2007.11.03"]
[Round "2.19"]
[White "Sánchez Ródenas, José Antonio"]
[Black "García Donoso, Alberto"]
[Result "0-1"]
[WhiteElo "1795"]
[BlackElo "1723"]
[PlyCount "162"]
[EventDate "2007.11.01"]
[EventType "swiss"]
[EventRounds "9"]
[EventCountry "ESP"]
[Source "lmi"]
[SourceDate "2007.11.01"]

1. d4 d5 2. c4 c6 3. Nf3 e6 4. Nc3 Ne7 5. e3 g6 6. Bd3 Bg7 7. O-O O-O 8. b4 Nd7
9. Rb1 Nf6 10. Bb2 Nf5 11. Ne5 h5 12. Ne2 Nh6 13. Nf4 Nhg4 14. Qf3 Nxe5 15.
dxe5 Ng4 16. Qg3 Bxe5 17. Bxe5 Nxe5 18. Be2 h4 19. Qh3 Nxc4 20. g3 e5 21. Qxh4
Qxh4 22. gxh4 exf4 23. Rbd1 Bh3 24. Rfe1 fxe3 25. fxe3 Nxe3 26. Rd3 d4 27. Kf2
Bf5 28. Rd2 Rad8 29. Rg1 Nc2 30. h5 Nxb4 31. Bc4 Rd6 32. hxg6 Bxg6 33. h4 Kh7
34. Ke1 Bh5 35. Rdg2 Rg6 36. a3 Rxg2 37. Rxg2 Na6 38. Rg5 Kh6 39. Bd3 Re8+ 40.
Kd2 Nc7 41. Rf5 Bg6 42. Rf6 Re6 43. Rf4 Bxd3 44. Kxd3 Re3+ 45. Kxd4 Rxa3 46.
Rxf7 Nb5+ 47. Kc4 Rc3+ 48. Kb4 Nd6 49. Rf6+ Kg7 50. Rxd6 Rf3 51. h5 Rf1 52. Kc5
Rf5+ 53. Kc4 b5+ 54. Kb4 Rf4+ 55. Kb3 Rc4 56. Rd7+ Kh6 57. Rxa7 Kxh5 58. Re7
Kg5 59. Re8 Kf6 60. Re1 Rc5 61. Kb4 Rc4+ 62. Kb3 Rc5 63. Kb4 Rc2 64. Re8 Rc1
65. Re2 Kf5 66. Re8 Kf4 67. Re7 Kf3 68. Re6 Kf2 69. Re8 Kf3 70. Re6 Rc4+ 71.
Kb3 Rc1 72. Kb4 Rb1+ 73. Kc5 b4 74. Kxc6 b3 75. Kb5 b2 76. Rf6+ Ke3 77. Re6+
Kd3 78. Rd6+ Kc3 79. Rc6+ Kb3 80. Rc4 Rg1 81. Rb4+ Kc2 0-1

[Event "Madrid ch - Previa A"]
[Site "Madrid ESP"]
[Date "2007.11.08"]
[Round "3.1"]
[White "Martin Mazuelo, Miguel Angel"]
[Black "Cabañas Bravo, Juan Andres"]
[Result "1/2-1/2"]
[WhiteElo "1983"]
[BlackElo "2004"]
[PlyCount "38"]
[EventDate "2007.11.01"]
[EventType "swiss"]
[EventRounds "9"]
[EventCountry "ESP"]
[Source "lmi"]
[SourceDate "2007.11.01"]

1. e4 e5 2. Nf3 Nc6 3. d4 exd4 4. Bc4 Bc5 5. c3 Nf6 6. e5 d5 7. Bb5 Ne4 8. cxd4
Bb4+ 9. Nbd2 Bd7 10. O-O Nxe5 11. Bxd7+ Nxd7 12. Nxe4 dxe4 13. Ng5 Qe7 14. Qb3
O-O 15. Nxe4 Qxe4 16. Qxb4 c5 17. Qb5 Qd5 18. dxc5 a6 19. Qa5 Qxc5 1/2-1/2

[Event "Madrid ch - Previa A"]
[Site "Madrid ESP"]
[Date "2007.11.08"]
[Round "3.2"]
[White "Tejedor Ariza, Francisco"]
[Black "Perez Martinez, Jose Manuel"]
[Result "1/2-1/2"]
[WhiteElo "1987"]
[BlackElo "1982"]
[PlyCount "145"]
[EventDate "2007.11.01"]
[EventType "swiss"]
[EventRounds "9"]
[EventCountry "ESP"]
[Source "lmi"]
[SourceDate "2007.11.01"]

1. e4 e6 2. d4 d5 3. Nc3 Bb4 4. e5 Ne7 5. a3 Bxc3+ 6. bxc3 c5 7. Qg4 Ng6 8. h4
h5 9. Qg3 c4 10. Ne2 Nc6 11. Nf4 Nce7 12. Be2 Nf5 13. Qg5 Ngxh4 14. Qxd8+ Kxd8
15. Nxe6+ Bxe6 16. Bg5+ Kd7 17. Bxh4 Nxh4 18. Rxh4 g6 19. Kd2 Rac8 20. Rah1
Rhf8 21. g4 hxg4 22. Bxg4 Rc6 23. Bxe6+ Rxe6 24. Rh7 Ra6 25. Ra1 Ke6 26. a4 Ra5
27. Rhh1 Kf5 28. Ke3 f6 29. f4 a6 30. Kf3 g5 31. exf6 gxf4 32. Rh4 Rxf6 33. Re1
Kg6 34. Rg1+ Kf5 35. Re1 Kg6 36. Re7 b5 37. Rg4+ Kh6 38. Re8 Kh7 39. Re7+ Kh6
40. Rgg7 bxa4 41. Rh7+ Kg5 42. Re5+ Kg6 43. Reh5 Rf7 44. R5h6+ Kg5 45. Rh5+ Kf6
46. R7h6+ Ke7 47. Re5+ Kd7 48. Ree6 Re7 49. Rxa6 Rxa6 50. Rxa6 Re3+ 51. Kxf4
Rxc3 52. Rxa4 Rxc2 53. Ke5 Kc6 54. Ra6+ Kb5 55. Ra8 Kc6 56. Rc8+ Kd7 57. Rc5
Rc1 58. Kxd5 c3 59. Ra5 c2 60. Ra2 Kc7 61. Kc5 Kd7 62. d5 Kc7 63. Rb2 Kd7 64.
Ra2 Kc7 65. d6+ Kd7 66. Ra7+ Ke6 67. Re7+ Kf6 68. Re2 Rd1 69. Rxc2 Ke6 70. Re2+
Kd7 71. Re7+ Kd8 72. Re5 Kd7 73. Rh5 1/2-1/2

[Event "Madrid ch - Previa A"]
[Site "Madrid ESP"]
[Date "2007.11.08"]
[Round "3.3"]
[White "Garcia Reino, Eduardo"]
[Black "Esquivias Gomez, Francisco J"]
[Result "1/2-1/2"]
[WhiteElo "1860"]
[BlackElo "2021"]
[PlyCount "30"]
[EventDate "2007.11.01"]
[EventType "swiss"]
[EventRounds "9"]
[EventCountry "ESP"]
[Source "lmi"]
[SourceDate "2007.11.01"]

1. e4 d5 2. exd5 Nf6 3. d4 Bg4 4. Be2 Bxe2 5. Nxe2 Qxd5 6. O-O Nc6 7. Nbc3 Qh5
8. Ng3 Qg6 9. Nce2 O-O-O 10. Nf4 Qg4 11. Qxg4+ Nxg4 12. c3 e5 13. dxe5 Bc5 14.
Ne4 Bb6 15. Nh5 g6 1/2-1/2

[Event "Madrid ch - Previa A"]
[Site "Madrid ESP"]
[Date "2007.11.08"]
[Round "3.4"]
[White "Marcos Herrero, Francisco"]
[Black "Ruiz Quevedo, Andres"]
[Result "1-0"]
[WhiteElo "1940"]
[BlackElo "1893"]
[PlyCount "61"]
[EventDate "2007.11.01"]
[EventType "swiss"]
[EventRounds "9"]
[EventCountry "ESP"]
[Source "lmi"]
[SourceDate "2007.11.01"]

1. e4 e5 2. Nf3 Nf6 3. Nxe5 d6 4. Nf3 Nxe4 5. Nc3 Nf6 6. d4 Be7 7. Bd3 O-O 8.
O-O c6 9. h3 Nbd7 10. Re1 Re8 11. Bf4 Nf8 12. Qd2 Ne6 13. Bg3 Qb6 14. Na4 Qd8
15. c4 a6 16. d5 Nf8 17. Nc3 N8d7 18. dxc6 bxc6 19. Nd4 Nb8 20. Rad1 Bf8 21.
Bh4 Rxe1+ 22. Rxe1 Bb7 23. Ne4 Nxe4 24. Rxe4 Qc7 25. Nf5 Bc8 26. Re8 Bxf5 27.
Bxf5 Ra7 28. Bxh7+ Kxh7 29. Rxf8 Nd7 30. Qd3+ Kh6 31. Rh8# 1-0

[Event "Madrid ch - Previa A"]
[Site "Madrid ESP"]
[Date "2007.11.08"]
[Round "3.5"]
[White "Gonzalez Marquez, Jorge"]
[Black "Redondo Garcia, Jose Luis"]
[Result "0-1"]
[WhiteElo "1928"]
[BlackElo "1909"]
[PlyCount "64"]
[EventDate "2007.11.01"]
[EventType "swiss"]
[EventRounds "9"]
[EventCountry "ESP"]
[Source "lmi"]
[SourceDate "2007.11.01"]

1. e4 c5 2. Nf3 e6 3. d4 cxd4 4. Nxd4 a6 5. Nc3 b5 6. a3 Bb7 7. Bd3 Nc6 8. Be3
Rc8 9. O-O Ne5 10. f4 Nxd3 11. cxd3 Nf6 12. f5 e5 13. Nb3 d5 14. Bg5 Qb6+ 15.
Kh1 dxe4 16. Bxf6 gxf6 17. Nxe4 Rd8 18. Qf3 Be7 19. Rac1 Bd5 20. Nbd2 Qd4 21.
Rc2 Ba8 22. Rc3 b4 23. axb4 Qxb4 24. Rb3 Bxe4 25. Qxe4 Qxd2 26. Qa4+ Kf8 27.
Qxa6 Qe2 28. Rc1 Rg8 29. Qb7 Qd2 30. Ra1 Rxd3 31. Rxd3 Qxd3 32. b4 Qc3 0-1

[Event "Madrid ch - Previa A"]
[Site "Madrid ESP"]
[Date "2007.11.08"]
[Round "3.6"]
[White "Merino Araguas, Jose Javier"]
[Black "Rodriguez Ballespin, Daniel"]
[Result "1/2-1/2"]
[WhiteElo "1909"]
[BlackElo "1849"]
[PlyCount "66"]
[EventDate "2007.11.01"]
[EventType "swiss"]
[EventRounds "9"]
[EventCountry "ESP"]
[Source "lmi"]
[SourceDate "2007.11.01"]

1. d4 Nf6 2. c4 g6 3. Nc3 d5 4. cxd5 Nxd5 5. e4 Nxc3 6. bxc3 Bg7 7. Bc4 c5 8.
Ne2 Nc6 9. Be3 Qa5 10. O-O O-O 11. Rb1 Rd8 12. Rb5 Qc7 13. Rxc5 b6 14. Rd5 Bb7
15. Rxd8+ Rxd8 16. Bd3 Qd7 17. Qa4 Ne5 18. Qxd7 Nxd7 19. f3 Ne5 20. Bb5 a6 21.
dxe5 axb5 22. Bd4 b4 23. Rb1 Ba6 24. Nf4 Bh6 25. Nd5 bxc3 26. Bxc3 e6 27. Nf6+
Kg7 28. Ng4 Bc4 29. Nxh6 Kxh6 30. a4 Rd3 31. Bb4 Kg7 32. Bd6 Bb3 33. Bc7 Rd1+
1/2-1/2

[Event "Madrid ch - Previa A"]
[Site "Madrid ESP"]
[Date "2007.11.08"]
[Round "3.7"]
[White "Espinosa Delgado, Miguel"]
[Black "Garcia Salamero, Gabriel"]
[Result "1-0"]
[WhiteElo "1836"]
[BlackElo "1895"]
[PlyCount "91"]
[EventDate "2007.11.01"]
[EventType "swiss"]
[EventRounds "9"]
[EventCountry "ESP"]
[Source "lmi"]
[SourceDate "2007.11.01"]

1. Nf3 d5 2. d4 e6 3. Bf4 Nf6 4. e3 Bd6 5. Bg3 O-O 6. Bd3 c5 7. c3 Nc6 8. Nbd2
Re8 9. Ne5 cxd4 10. exd4 Bxe5 11. dxe5 Nd7 12. f4 Qb6 13. Rb1 f6 14. Bxh7+ Kf8
15. Bf2 Qa6 16. Bg6 Rd8 17. Qh5 Ne7 18. Qh8+ Ng8 19. exf6 Ndxf6 20. Bc5+ Rd6
21. Bxd6+ Qxd6 22. O-O d4 23. Ne4 Nxe4 24. Bxe4 Bd7 25. Bh7 Kf7 26. Bxg8+ Rxg8
27. Qh5+ g6 28. Qe5 Qa6 29. Qxd4 Bc6 30. c4 Qa4 31. b3 Qxa2 32. Rb2 Qa3 33. b4
a6 34. b5 axb5 35. cxb5 Bd5 36. f5 gxf5 37. Rxf5+ exf5 38. Qxd5+ Kf6 39. Rf2
Qc1+ 40. Rf1 Qc8 41. h3 Rd8 42. Rxf5+ Qxf5 43. Qxd8+ Kg6 44. Qd6+ Kg5 45. Qg3+
Kh6 46. Qh4+ 1-0

[Event "Madrid ch - Previa A"]
[Site "Madrid ESP"]
[Date "2007.11.08"]
[Round "3.8"]
[White "Fernandez Martinez, Jose"]
[Black "Sanz Esteban, Eduardo"]
[Result "0-1"]
[WhiteElo "1822"]
[BlackElo "1939"]
[PlyCount "80"]
[EventDate "2007.11.01"]
[EventType "swiss"]
[EventRounds "9"]
[EventCountry "ESP"]
[Source "lmi"]
[SourceDate "2007.11.01"]

1. e4 e5 2. Nf3 Nf6 3. Nxe5 d6 4. Nf3 Nxe4 5. d4 d5 6. Bd3 Bd6 7. O-O O-O 8. c4
c6 9. cxd5 cxd5 10. Nc3 Nxc3 11. bxc3 Nd7 12. Qb3 Nb6 13. a4 Qc7 14. Ba3 Bxa3
15. Qxa3 Nc4 16. Bxc4 dxc4 17. Rfe1 Bf5 18. Re5 Bd3 19. Ne1 Rfe8 20. Nxd3 cxd3
21. Rae1 Rxe5 22. Rxe5 d2 23. Qb3 Qxc3 24. Qxc3 d1=Q+ 25. Re1 Qxa4 26. Ra1 Qd7
27. h3 h6 28. Qc5 b6 29. Qc4 b5 30. Qb4 a6 31. Rb1 Rc8 32. Qa5 Qb7 33. Qa3 Rc4
34. Ra1 Ra4 35. Qb2 Rxa1+ 36. Qxa1 b4 37. Kf1 b3 38. Qb2 a5 39. Ke2 a4 40. g3
a3 0-1